| 000 | 00547nam a2200193Ia 4500 | ||
|---|---|---|---|
| 001 | 22203 | ||
| 003 | GE_BSU | ||
| 008 | 181216s||||||||xx |||||||||||||| ||und|| | ||
| 040 | _cGE_BSU | ||
| 245 | _aХимия и жизнь-XX век. №2. 2018 | ||
| 245 | _cГл.ред.Стельникова Л.Н. | ||
| 260 | _aМосква | ||
| 260 | _c2018 | ||
| 300 | _a64 стр. 30см. илл. | ||
| 653 | _aПериодика | ||
| 653 | _aХимия и жизнь-XX век. №2. 2018 | ||
| 653 | _aპერიოდიკა | ||
| 942 | _cCR | ||
| 999 |
_c55128 _d55128 |
||